Pan ideál /
Elena žije život, který navenek působí klidně a uspořádaně. Má manžela, syna, domov a pocit, že tohle všechno jí musí ke štěstí stačit. Když se seznámí s charizmatickým šéfem svého muže, objeví se v jejím světě něco, co dlouho postrádala: pozornost, porozumění a pocit, že ji někdo opravdu vidí. Čím...
Uloženo v:
| Hlavní autor: | |
|---|---|
| Médium: | E-kniha |
| Jazyk: | Czech |
| Vydáno: |
Praha :
Nakladatelství Solis s.r.o.,
2026
|
| Tagy: |
Žádné tagy |
| LEADER | 01543nam a22002297i 4500 | ||
|---|---|---|---|
| 001 | 301773 | ||
| 007 | ta | ||
| 008 | 260505s2026 xr ||||| |||| 00| 0 cze d | ||
| 020 | |a 9990004266209 | ||
| 044 | |a xr | ||
| 100 | 1 | |a Najbrová, Nikola |4 aut | |
| 245 | 1 | 0 | |a Pan ideál / |c Najbrová, Nikola |
| 264 | 1 | |a Praha : |b Nakladatelství Solis s.r.o., |c 2026 | |
| 300 | |a 1 online zdroj (258 stran) | ||
| 336 | |a text |b txt |2 rdacontent | ||
| 337 | |a bez média |b n |2 rdamedia | ||
| 338 | |a online zdroj |b cr |2 rdacarrier | ||
| 520 | 2 | |a Elena žije život, který navenek působí klidně a uspořádaně. Má manžela, syna, domov a pocit, že tohle všechno jí musí ke štěstí stačit. Když se seznámí s charizmatickým šéfem svého muže, objeví se v jejím světě něco, co dlouho postrádala: pozornost, porozumění a pocit, že ji někdo opravdu vidí. Čím víc se mu Elena přibližuje, tím víc se vzdaluje životu, který si vysnila. Brzy zjišťuje, že touha po jiném životě může být stejně opojná jako zrádná. Dokonalost totiž bývá jen otázkou správného úhlu pohledu. | |
| 910 | |a RBIT002 | ||
| 998 | |d 426620 |a https://core.palmknihy.cz/api/books/426620/cover?tei8bs |b https://core.palmknihy.cz/api/books/426620/cover/400?tei8bs |c https://core.palmknihy.cz/api/books/426620/cover/50?tei8bs |e 2032-12-31 |g 258 |i 9990004266209 |j https://core.palmknihy.cz/api/books/426620/preview.epub |k https://core.palmknihy.cz/api/books/426620/preview.pdf |l |q 49 |r 1 |s https://www.palmknihy.cz/kniha/426620 |t ebook |y 2026 |z 1 | ||
| 999 | |d 301771 | ||